La sinodalidad en la vida y en la misión de la Iglesia. Reflexiones sobre el Documento de la Comisión Teológica Internacional.
Zapisane w:
| Kolejni autorzy: | , , |
|---|---|
| Format: | Nieznany |
| Wydane: |
Madrid, España:
Ciudad Nueva,
2020.
|
| Wydanie: | 1ª edición |
| Seria: | Teología en Diálogo
|
| Hasła przedmiotowe: | |
| Etykiety: |
Dodaj etykietę
Nie ma etykietki, Dołącz pierwszą etykiete!
|
MARC
| LEADER | 00000 a2200000 4500 | ||
|---|---|---|---|
| 003 | CL-VaPUC | ||
| 005 | 20230920110742.0 | ||
| 008 | 221024t2020 ||||| |||| 00| 0 eng d | ||
| 999 | |c 438862 |d 438860 | ||
| 020 | |a 978-84-9715-472-7 | ||
| 040 | |c Pontificia Universidad Católica de Valparaíso | ||
| 082 | |2 22 |a 262.4 COD 2020 | ||
| 100 | |a Coda, Piero |9 876822 |e editor | ||
| 245 | |a La sinodalidad en la vida y en la misión de la Iglesia. |b Reflexiones sobre el Documento de la Comisión Teológica Internacional. | ||
| 250 | |a 1ª edición | ||
| 260 | |a Madrid, España: |b Ciudad Nueva, |c 2020. | ||
| 300 | |a 212 páginas | ||
| 490 | |a Teología en Diálogo | ||
| 583 | |k GC |c 20221024 | ||
| 600 | 0 | |a Francisco, |c Papa |x Pontificado, 2013- |9 583180 | |
| 650 | 0 | |9 878083 |a Sinodalidad |x Iglesia Católica | |
| 650 | 0 | |9 387791 |a Sínodos |x Eclesiología |x Vaticano II | |
| 700 | |a Repole, Roberto |e editor |9 877868 | ||
| 700 | |a Osoro, Carlos |e prólogo |9 877869 | ||
| 942 | |2 ddc |c BK | ||
| 952 | |0 0 |1 0 |2 ddc |4 0 |6 262_400000000000000_COD_2020 |7 0 |8 A |9 587392 |a BIBTEO |b BIBTEO |c GEN |d 2022-10-18 |e 3 |g 18215.00 |i 5655291 |l 1 |o 262.4 COD 2020 |p 5655291 |r 2025-01-17 |s 2023-05-10 |t 1 |v 18215.00 |w 2022-10-18 |y BK |k ICR | ||